PFI / PPP Projects 2007 (Record no. 106341)

MARC details
000 -LEADER
fixed length control field 00955cam a2200241 4500
001 - CONTROL NUMBER
control field L136223
008 - FIXED-LENGTH DATA ELEMENTS--GENERAL INFORMATION
fixed length control field 070118n2006 000 0 eng u
035 ## - SYSTEM CONTROL NUMBER
System control number (Sirsi) u136223
041 0# - LANGUAGE CODE
Language code of text/sound track or separate title eng
100 1# - MAIN ENTRY--PERSONAL NAME
Personal name Ashurst, Vernon
245 00 - TITLE STATEMENT
Title PFI / PPP Projects 2007
260 ## - PUBLICATION, DISTRIBUTION, ETC.
Date of publication, distribution, etc. 2006
520 ## - SUMMARY, ETC.
Summary, etc. Discusses Public-Private partnerships (PPPs) Private Finance Initiative (PFI), and in particular, the move towards batched projects. Discusses types of projects, legislation, stakeholders, legislation and types of projects and partnerships. Country guides provides comparative information on PFIs and PPPs from fifteen different countries.
590 ## - LOCAL NOTE (RLIN)
Local note KA
650 24 - SUBJECT ADDED ENTRY--TOPICAL TERM
Topical term or geographic name entry element PUBLIC PRIVATE PARTNERSHIPS
650 24 - SUBJECT ADDED ENTRY--TOPICAL TERM
Topical term or geographic name entry element PRIVATE FINANCE INITIATIVE
651 #4 - SUBJECT ADDED ENTRY--GEOGRAPHIC NAME
Geographic name EUROPE
651 #4 - SUBJECT ADDED ENTRY--GEOGRAPHIC NAME
Geographic name NIGERIA
690 ## - LOCAL SUBJECT ADDED ENTRY--TOPICAL TERM (OCLC, RLIN)
Topical term or geographic name as entry element Project management
9 (RLIN) 6261
700 1# - ADDED ENTRY--PERSONAL NAME
Personal name Sanders, Jan
856 40 - ELECTRONIC LOCATION AND ACCESS
Uniform Resource Identifier <a href="www.iclg.co.uk/">www.iclg.co.uk/</a>
Public note View the item free of charge at www.iclg.co.uk...
942 ## - ADDED ENTRY ELEMENTS (KOHA)
Suppress in OPAC 0
Holdings
Withdrawn status Lost status Source of classification or shelving scheme Damaged status Not for loan Home library Current library Shelving location Date acquired Total Checkouts Full call number Barcode Date last seen Copy number Price effective from Koha item type
    Dewey Decimal Classification     Virtual Virtual Online 18/01/2007   ONLINE PUBLICATION 136223-1001 06/08/2019 1 06/08/2019 Book